MARC

LEADER 00000nam0a2200000 4500
001 193989
005 20231031182126.0
035 |a (RuTPU)RU\TPU\book\211544 
090 |a 193989 
100 |a 20110401d1922 m y0rusy50 ca 
101 0 |a eng 
102 |a RU 
105 |a a j 000zy 
200 1 |a Questions and Answers for Milling Students 
210 |a Liverpool  |c The Sorthern Publishing Go LTD  |d 1922 
215 |a 60 с.  |c il. 
610 1 |a металлы 
610 1 |a металлообработка 
610 1 |a металлообрабатывающие инструменты 
610 1 |a фрезерная обработка 
610 1 |a фрезерное дело 
610 1 |a фрезы 
610 1 |a фрезерование 
610 1 |a учебные пособия 
675 |a 621.914(07)  |v 3 
801 1 |a RU  |b 63413507  |c 20110401 
801 2 |a RU  |b 63413507  |c 20110418  |g RCR 
942 |c BK